ბათუმის შოთა რუსთაველის სახელმწიფო უნივერსიტეტის ბიბლიოთეკა

სვანეთის ბრინჯაოს ხანის არქეოლოგიური ძეგლები. (ბიბ.ჩანაწერი № 59734)

000 -ლიდერი
ფიქსირებული სიგრძის საკონტროლო ველი 01440nam a22002177a 4500
003 - საკონტროლო ნომრის იდენტიფიკატორი
საკონტროლო ველი Ge_BSU
005 - ბოლო ოპერაციის თარიღი და დრო
საკონტროლო ველი 20230407163633.0
008 - ფიქსირებული სიგრძის მონაცემთა ელემენტები - ზოგადი ინფორმაცია
ფიქსირებული სიგრძის საკონტროლო ველი 230407s1977ge xxu||||| |||| 00| 0 geo d
041 ## - ენის კოდი
Language code of text/sound track or separate title geo
080 ## - უნივერსალური ათობითი კლასიფიკაციის ინდექსი
Universal Decimal Classification number 902.2(479.222.3) ჩ-23
100 ## - მთავარი ჩანაწერი - პიროვნების სახელი
Personal name ჩართოლანი, შოთა.
9 (RLIN) 17555
245 ## - ცნობა სათაურის შესახებ
Title სვანეთის ბრინჯაოს ხანის არქეოლოგიური ძეგლები.
Remainder of title წ. 1, კატალოგი /
Statement of responsibility, etc შოთა ჩართოლანი ; რედ. ო.ჯაფარიძე
264 ## - წარმოების, გამოცემის, დისტრიბუციის და სხვა ცნობები
გამოცემის, წარმოების, დისტრიბუციის... ადგილი თბილისი :
გამოცემის, წარმოების, დისტრიბუციის... სახელწოდება მეცნიერება,
გამოცემის, წარმოების, დისტრიბუციის... თარიღი 1977.
300 ## - ფიზიკური აღწერა
Extent 63გვ. :
Other physical details 20 ფ. ილ.;
Dimensions 23 სმ.
Accompanying material 1 დაკ. ფ. რუქ.
546 ## - LANGUAGE NOTE
Language note შესავალი პარალ. რუს. ენ.
653 ## - INDEX TERM--UNCONTROLLED
Uncontrolled term არქეოლოგიური გათხრები სვანეთში
653 ## - INDEX TERM--UNCONTROLLED
Uncontrolled term სვანეთის არქეოლოგიური ძეგლები.
700 ## - ADDED ENTRY--PERSONAL NAME
Personal name ჯაფარიძე, ო
Relator term რედაქტორი
9 (RLIN) 17556
710 ## - ADDED ENTRY--CORPORATE NAME
Corporate name or jurisdiction name as entry element საქართველოს სსრ მეცნიერებათა აკადემია ; ივ. ჯავახიშვილის სახელობის ისტორიის, არქეოლოგიისა და ეთნოგრაფიის ინსტიტუტი.
9 (RLIN) 17557
942 ## - ADDED ENTRY ELEMENTS (KOHA)
Source of classification or shelving scheme
Koha item type წიგნი
ეგზემპლარები
ჩამოწერის სტატუსი დაკარგული ეგზემპლარის სტატუსი კლასიფიკაციის წყარო ან თაროზე გაწყობის სქემა დაზიანების სტატუსი არ გაიცემა მუდმივი მდებარეობა (დაცვის ადგილი) ამჟამინდელი ადგილსამყოფელი თაროზე განთავსების ადგილი შეძენის თარიღი ღირებულება, შესყიდვის ნორმალური ფასი სრული შენახვის შიფრი შტრიხკოდი ბოლო ოპერაციის თარიღი ეგზემპლარის მიმდევრობითი ნომერი (კეტერი?) Uniform Resource Identifier ფასის ძალაში შესვლის თარიღი ეგზემპლარის სახეობა საჯარო შენიშვნა
          ბათუმის შოთა რუსთაველის სახელმწიფო უნივერსიტეტის მთავარი ბიბლიოთეკა ბათუმის შოთა რუსთაველის სახელმწიფო უნივერსიტეტის მთავარი ბიბლიოთეკა წიგნსაცავი 2023-04-07 10.00 902.2(479.222.3) ჩ-23 64225 2023-04-07 64225 ბსუ-ს საპატიო დოქტორის გურამ ლორთქიფანიძის საჩუქარი 2023-04-07 წიგნი 10.00